[Event "Cerrado Blitz Benimodo 2018"]
[Site "Benimodo, Spain"]
[Date "2018.08.13"]
[Round "6.3"]
[White "Pena Riasco, Alexander"]
[Black "Garcia, Jhoel"]
[Result "0-1"]
[WhiteElo "2119"]
[BlackElo "2262"]
[PlyCount "99"]
[EventDate "2018.??.??"]

1. d4 {[%clk 00:07:03]  [%emt 00:04:03]} 1... Nf6 {
[%clk 00:07:01]  [%emt 00:00:24]} 2. Bf4 {[%clk 00:07:06]} 2... c5 {
[%clk 00:06:54]  [%emt 00:00:10]} 3. d5 {[%clk 00:06:58]  [%emt 00:00:08]} 3...
d6 {[%clk 00:06:51]  [%emt 00:00:07]} 4. Nc3 {[%clk 00:06:51]  [%emt 00:00:10]}
4... g6 {[%clk 00:06:52]} 5. e4 {[%clk 00:06:53]  [%emt 00:00:05]} 5... Bg7 {
[%clk 00:06:54]} 6. Nf3 {[%clk 00:06:49]  [%emt 00:00:04]} 6... a6 {
[%clk 00:06:55]  [%emt 00:00:05]} 7. a4 {[%clk 00:06:44]  [%emt 00:00:06]} 7...
O-O {[%clk 00:06:51]  [%emt 00:00:07]} 8. Be2 {[%clk 00:06:38]  [%emt 00:00:09]
} 8... Nbd7 {[%clk 00:06:43]  [%emt 00:00:11]} 9. O-O {
[%clk 00:06:37]  [%emt 00:00:05]} 9... Ng4 {[%clk 00:06:34]  [%emt 00:00:11]}
10. h3 {[%clk 00:06:27]  [%emt 00:00:13]} 10... Nge5 {[%clk 00:06:36]} 11. Qd2
{[%clk 00:06:22]  [%emt 00:00:10]} 11... Nxf3+ {
[%clk 00:06:30]  [%emt 00:00:09]} 12. Bxf3 {[%clk 00:06:23]} 12... Re8 {
[%clk 00:06:33]} 13. Rae1 {[%clk 00:05:53]  [%emt 00:00:39]} 13... Rb8 {
[%clk 00:06:28]  [%emt 00:00:05]} 14. Bh6 {[%clk 00:05:38]  [%emt 00:00:16]}
14... Bh8 {[%clk 00:06:29]} 15. Be2 {[%clk 00:05:41]  [%emt 00:00:06]} 15...
Qb6 {[%clk 00:05:52]  [%emt 00:00:37]} 16. Nd1 {
[%clk 00:05:24]  [%emt 00:00:19]} 16... Qc7 {[%clk 00:05:46]  [%emt 00:00:09]}
17. c4 {[%clk 00:05:16]  [%emt 00:00:11]} 17... e6 {
[%clk 00:05:08]  [%emt 00:00:42]} 18. Kh1 {[%clk 00:04:27]  [%emt 00:00:52]}
18... exd5 {[%clk 00:05:01]  [%emt 00:00:10]} 19. exd5 {
[%clk 00:04:22]  [%emt 00:00:07]} 19... Nf6 {[%clk 00:04:23]  [%emt 00:00:40]}
20. Bd3 {[%clk 00:04:20]  [%emt 00:00:05]} 20... Bd7 {
[%clk 00:04:20]  [%emt 00:00:07]} 21. Rxe8+ {[%clk 00:04:01]  [%emt 00:00:22]}
21... Nxe8 {[%clk 00:04:13]  [%emt 00:00:11]} 22. Re1 {
[%clk 00:04:00]  [%emt 00:00:05]} 22... Bxa4 {[%clk 00:03:54]  [%emt 00:00:20]}
23. Nc3 {[%clk 00:03:50]  [%emt 00:00:14]} 23... Bd7 {
[%clk 00:03:45]  [%emt 00:00:11]} 24. Qf4 {[%clk 00:03:33]  [%emt 00:00:21]}
24... Be5 {[%clk 00:02:59]  [%emt 00:00:49]} 25. Qf3 {
[%clk 00:03:30]  [%emt 00:00:06]} 25... f6 {[%clk 00:02:48]  [%emt 00:00:13]}
26. Bc1 {[%clk 00:03:00]  [%emt 00:00:44]} 26... Ng7 {
[%clk 00:02:35]  [%emt 00:00:06]} 27. Ne4 {[%clk 00:02:34]  [%emt 00:00:27]}
27... Rf8 {[%clk 00:02:33]  [%emt 00:00:07]} 28. Qe2 {
[%clk 00:01:47]  [%emt 00:00:53]} 28... Nf5 {[%clk 00:02:12]  [%emt 00:00:20]}
29. f4 {[%clk 00:01:39]  [%emt 00:00:11]} 29... Bd4 {[%clk 00:02:14]} 30. g4 {
[%clk 00:01:34]  [%emt 00:00:12]} 30... Ng7 {[%clk 00:02:17]} 31. Be3 {
[%emt 00:00:12]} 31... Bxe3 {[%clk 00:02:10]  [%emt 00:00:07]} 32. Qxe3 {
[%clk 00:01:27]} 32... f5 {[%clk 00:02:01]  [%emt 00:00:14]} 33. Ng5 {
[%clk 00:00:59]  [%emt 00:00:36]} 33... Re8 {[%clk 00:01:39]  [%emt 00:00:19]}
34. Qf2 {[%emt 00:00:12]} 34... fxg4 {[%clk 00:01:33]  [%emt 00:00:08]} 35.
hxg4 {[%clk 00:00:52]  [%emt 00:00:05]} 35... Rxe1+ {
[%clk 00:01:27]  [%emt 00:00:09]} 36. Qxe1 {[%clk 00:00:55]} 36... Bxg4 {
[%clk 00:01:23]  [%emt 00:00:08]} 37. Qe3 {[%clk 00:00:20]  [%emt 00:00:35]}
37... Qd7 {[%clk 00:01:19]  [%emt 00:00:07]} 38. Kh2 {
[%clk 00:00:15]  [%emt 00:00:08]} 38... Nf5 {[%clk 00:00:41]  [%emt 00:00:40]}
39. Bxf5 {[%clk 00:00:10]  [%emt 00:00:07]} 39... Bxf5 {
[%clk 00:00:43]  [%emt 00:00:05]} 40. Kg3 {[%clk 00:00:09]  [%emt 00:00:04]}
40... h6 {[%clk 00:00:45]} 41. Nf3 {[%clk 00:00:12]} 41... b5 {
[%clk 00:00:25]  [%emt 00:00:21]} 42. b3 {[%clk 00:00:11]  [%emt 00:00:04]}
42... bxc4 {[%clk 00:00:25]  [%emt 00:00:06]} 43. bxc4 {[%clk 00:00:13]} 43...
a5 {[%clk 00:00:22]  [%emt 00:00:08]} 44. Nd2 {[%clk 00:00:09]  [%emt 00:00:04]
} 44... a4 {[%clk 00:00:21]  [%emt 00:00:06]} 45. Kf2 {
[%clk 00:00:07]  [%emt 00:00:05]} 45... h5 {[%clk 00:00:20]  [%emt 00:00:05]}
46. Kg3 {[%clk 00:00:08]} 46... h4+ {[%clk 00:00:19]  [%emt 00:00:05]} 47. Kxh4
{[%clk 00:00:09]  [%emt 00:00:05]} 47... Qh7+ {[%clk 00:00:22]} 48. Kg5 {
[%clk 00:00:10]} 48... Kf7 {[%clk 00:00:21]  [%emt 00:00:04]} 49. Qf3 {
[%emt 00:00:05]} 49... Qh8 {[%emt 00:00:09]} 50. Qe2 {[%emt 00:02:58]} 0-1

[Event "Cerrado Blitz Benimodo 2018"]
[Site "Benimodo, Spain"]
[Date "2018.08.13"]
[Round "6.4"]
[White "Garcia Sancho, Josep"]
[Black "Granero Roca, Antonio"]
[Result "0-1"]
[WhiteElo "2027"]
[BlackElo "2366"]
[PlyCount "142"]
[EventDate "2018.??.??"]

1. e4 {[%clk 00:07:03]  [%emt 00:00:08]} 1... c5 {[%clk 00:07:05]} 2. Nf3 {
[%clk 00:07:05]} 2... Nc6 {[%clk 00:07:07]} 3. d4 {[%clk 00:07:07]} 3... cxd4 {
[%clk 00:07:08]} 4. Nxd4 {[%clk 00:07:09]  [%emt 00:00:31]} 4... g6 {
[%clk 00:07:10]} 5. Nc3 {[%clk 00:07:10]} 5... Bg7 {
[%clk 00:07:11]  [%emt 00:00:03]} 6. Be3 {[%clk 00:07:12]} 6... Nf6 {
[%clk 00:07:13]} 7. Bc4 {[%clk 00:07:13]} 7... O-O {[%clk 00:07:14]} 8. Bb3 {
[%clk 00:07:15]} 8... d6 {[%clk 00:07:14]} 9. f3 {[%clk 00:07:17]} 9... Nxd4 {
[%clk 00:07:15]  [%emt 00:00:03]} 10. Bxd4 {[%clk 00:07:19]} 10... Be6 {
[%clk 00:07:16]} 11. Qd2 {[%clk 00:07:14]} 11... Qa5 {
[%clk 00:07:14]  [%emt 00:00:04]} 12. O-O {[%clk 00:06:56]  [%emt 00:00:15]}
12... Rac8 {[%clk 00:07:10]  [%emt 00:00:41]} 13. Rfd1 {[%clk 00:06:57]} 13...
a6 {[%clk 00:07:11]} 14. Nd5 {[%clk 00:06:51]  [%emt 00:00:03]} 14... Qd8 {
[%clk 00:06:36]  [%emt 00:00:15]} 15. Nxf6+ {[%clk 00:06:36]  [%emt 00:00:17]}
15... exf6 {[%clk 00:06:38]  [%emt 00:00:22]} 16. Be3 {
[%clk 00:06:21]  [%emt 00:00:13]} 16... Bxb3 {[%clk 00:06:30]  [%emt 00:00:03]}
17. axb3 {[%clk 00:06:22]} 17... Rc6 {[%clk 00:06:32]} 18. c3 {
[%clk 00:06:21]  [%emt 00:00:03]} 18... Qe7 {[%clk 00:06:30]  [%emt 00:00:05]}
19. Bf4 {[%clk 00:06:10]  [%emt 00:00:12]} 19... Rd8 {
[%clk 00:06:24]  [%emt 00:00:25]} 20. Qd5 {[%clk 00:06:04]} 20... Rc5 {
[%clk 00:06:11]  [%emt 00:00:12]} 21. Qd2 {[%clk 00:05:49]  [%emt 00:00:14]}
21... Bf8 {[%clk 00:06:06]  [%emt 00:00:24]} 22. b4 {
[%clk 00:05:42]  [%emt 00:00:07]} 22... Rb5 {[%clk 00:05:49]  [%emt 00:00:10]}
23. c4 {[%clk 00:04:16]  [%emt 00:01:27]} 23... Rb6 {
[%clk 00:05:51]  [%emt 00:00:26]} 24. Qd4 {[%clk 00:03:40]  [%emt 00:00:18]}
24... Rxb4 {[%clk 00:05:37]  [%emt 00:00:12]} 25. Qc3 {
[%clk 00:03:31]  [%emt 00:00:13]} 25... Rb6 {[%clk 00:05:29]  [%emt 00:00:20]}
26. Ra5 {[%clk 00:03:20]  [%emt 00:00:06]} 26... Rc6 {
[%clk 00:05:08]  [%emt 00:00:22]} 27. Rad5 {[%clk 00:03:12]  [%emt 00:00:15]}
27... Qe6 {[%clk 00:05:09]  [%emt 00:00:03]} 28. Qb4 {
[%clk 00:03:03]  [%emt 00:00:11]} 28... Qc8 {[%clk 00:04:46]  [%emt 00:00:22]}
29. c5 {[%clk 00:02:50]  [%emt 00:00:17]} 29... dxc5 {
[%clk 00:04:13]  [%emt 00:00:59]} 30. Rxd8 {[%clk 00:02:44]  [%emt 00:00:03]}
30... cxb4 {[%clk 00:04:15]} 31. Bh6 {[%clk 00:02:31]  [%emt 00:00:18]} 31...
Rc1 {[%clk 00:02:37]  [%emt 00:01:23]} 32. Bxc1 {
[%clk 00:02:31]  [%emt 00:00:08]} 32... Qc5+ {[%clk 00:02:39]  [%emt 00:00:03]}
33. Kh1 {[%clk 00:02:28]  [%emt 00:00:03]} 33... Kg7 {[%clk 00:02:41]} 34. Bf4
{[%clk 00:01:55]  [%emt 00:00:33]} 34... g5 {[%clk 00:02:26]  [%emt 00:00:18]}
35. Bg3 {[%clk 00:01:54]  [%emt 00:00:31]} 35... Qc2 {
[%clk 00:02:16]  [%emt 00:00:03]} 36. R8d2 {[%clk 00:01:54]} 36... Qb3 {
[%clk 00:02:14]} 37. h3 {[%clk 00:01:44]  [%emt 00:00:05]} 37... h5 {
[%clk 00:02:15]  [%emt 00:00:37]} 38. Bf2 {[%clk 00:01:41]} 38... a5 {
[%clk 00:02:04]  [%emt 00:00:03]} 39. Bd4 {[%clk 00:01:31]  [%emt 00:00:04]}
39... Qe6 {[%clk 00:02:01]} 40. Ra1 {[%clk 00:01:12]  [%emt 00:00:20]} 40... b6
{[%clk 00:02:02]  [%emt 00:00:04]} 41. Rc1 {[%clk 00:01:07]  [%emt 00:00:05]}
41... a4 {[%clk 00:01:49]  [%emt 00:00:15]} 42. Rdc2 {
[%clk 00:01:06]  [%emt 00:00:26]} 42... a3 {[%clk 00:01:43]} 43. Rc6 {
[%clk 00:01:02]  [%emt 00:00:20]} 43... Qd7 {[%clk 00:01:18]  [%emt 00:00:05]}
44. Bxf6+ {[%clk 00:00:57]  [%emt 00:00:08]} 44... Kg8 {
[%clk 00:01:19]  [%emt 00:00:07]} 45. bxa3 {[%clk 00:00:42]  [%emt 00:00:10]}
45... bxa3 {[%clk 00:01:20]  [%emt 00:00:12]} 46. Rxb6 {
[%clk 00:00:38]  [%emt 00:00:03]} 46... Qd2 {[%clk 00:01:11]  [%emt 00:00:15]}
47. Rc8 {[%clk 00:00:28]  [%emt 00:00:07]} 47... a2 {
[%clk 00:00:51]  [%emt 00:00:21]} 48. Rxf8+ {[%clk 00:00:25]  [%emt 00:00:06]}
48... Kh7 {[%clk 00:00:49]  [%emt 00:00:06]} 49. Rh8+ {
[%clk 00:00:20]  [%emt 00:00:08]} 49... Kg6 {[%clk 00:00:46]  [%emt 00:00:11]}
50. Bc3+ {[%clk 00:00:16]  [%emt 00:00:03]} 50... f6 {[%clk 00:00:48]} 51.
Rxf6+ {[%clk 00:00:13]  [%emt 00:00:07]} 51... Kg7 {[%clk 00:00:50]} 52. Rc6+ {
[%clk 00:00:04]  [%emt 00:00:12]} 52... Qxc3 {[%clk 00:00:50]  [%emt 00:00:03]}
53. Rxc3 {[%clk 00:00:05]  [%emt 00:00:04]} 53... a1=Q+ {
[%clk 00:00:48]  [%emt 00:00:04]} 54. Kh2 {[%clk 00:00:06]  [%emt 00:00:03]}
54... Kxh8 {[%clk 00:00:40]  [%emt 00:00:06]} 55. Rc5 {
[%clk 00:00:08]  [%emt 00:00:09]} 55... Qf6 {[%clk 00:00:38]  [%emt 00:00:06]}
56. Rf5 {[%clk 00:00:09]} 56... Qe7 {[%clk 00:00:36]} 57. Kg3 {
[%clk 00:00:09]  [%emt 00:00:03]} 57... Kg7 {[%clk 00:00:38]} 58. Kf2 {
[%clk 00:00:09]  [%emt 00:00:04]} 58... Kg6 {[%clk 00:00:40]  [%emt 00:00:04]}
59. Kg3 {[%clk 00:00:11]} 59... Qb4 {[%clk 00:00:38]  [%emt 00:00:04]} 60. Kf2
{[%clk 00:00:12]  [%emt 00:00:07]} 60... Qd2+ {[%clk 00:00:40]} 61. Kf1 {
[%clk 00:00:06]  [%emt 00:00:03]} 61... Qe3 {[%clk 00:00:27]  [%emt 00:00:23]}
62. Rd5 {[%clk 00:00:08]  [%emt 00:00:03]} 62... Kf6 {[%clk 00:00:25]} 63. Rf5+
{[%clk 00:00:08]} 63... Ke6 {[%clk 00:00:27]  [%emt 00:00:04]} 64. Rd5 {
[%clk 00:00:11]} 64... Ke7 {[%clk 00:00:09]  [%emt 00:00:17]} 65. Rf5 {
[%clk 00:00:08]  [%emt 00:00:31]} 65... Kd7 {[%clk 00:00:11]} 66. Rd5+ {
[%clk 00:00:10]} 66... Kc6 {[%clk 00:00:13]} 67. Rf5 {[%clk 00:00:12]} 67...
Kd6 {[%clk 00:00:05]  [%emt 00:00:11]} 68. Rd5+ {[%clk 00:00:14]} 68... Ke6 {
[%clk 00:00:08]} 69. Rf5 {[%clk 00:00:16]} 69... g4 {[%clk 00:00:10]} 70. hxg4
{[%clk 00:00:14]} 70... hxg4 {[%clk 00:00:12]} 71. fxg4 {[%emt 00:00:07]} 71...
Qd3+ 0-1

[Event "Cerrado Blitz Benimodo 2018"]
[Site "Benimodo, Spain"]
[Date "2018.08.13"]
[Round "7.1"]
[White "Granero Roca, Antonio"]
[Black "Galvan, Jesus"]
[Result "1-0"]
[WhiteElo "2366"]
[BlackElo "2225"]
[PlyCount "95"]
[EventDate "2018.??.??"]

1. Nf3 {[%clk 00:07:05]  [%emt 00:00:09]} 1... d6 {[%clk 00:07:05]} 2. d4 {
[%clk 00:07:05]} 2... f5 {[%clk 00:07:06]} 3. g3 {[%clk 00:07:06]} 3... Nf6 {
[%clk 00:07:08]} 4. Bg2 {[%clk 00:07:08]  [%emt 00:00:09]} 4... g6 {
[%clk 00:07:10]} 5. O-O {[%clk 00:07:09]  [%emt 00:00:03]} 5... Bg7 {
[%clk 00:07:12]} 6. c3 {[%clk 00:07:11]} 6... O-O {[%clk 00:07:13]} 7. a4 {
[%clk 00:07:12]  [%emt 00:00:03]} 7... a5 {[%clk 00:07:12]  [%emt 00:00:03]} 8.
Nbd2 {[%clk 00:07:13]  [%emt 00:00:03]} 8... Nc6 {
[%clk 00:07:09]  [%emt 00:00:05]} 9. Qb3+ {[%clk 00:07:15]  [%emt 00:00:04]}
9... e6 {[%clk 00:06:59]  [%emt 00:00:10]} 10. Re1 {
[%clk 00:07:13]  [%emt 00:00:04]} 10... d5 {[%clk 00:07:00]  [%emt 00:00:03]}
11. Ne5 {[%clk 00:06:52]  [%emt 00:00:21]} 11... Nxe5 {
[%clk 00:06:37]  [%emt 00:00:26]} 12. dxe5 {[%clk 00:06:54]  [%emt 00:00:26]}
12... Ng4 {[%clk 00:06:15]  [%emt 00:00:07]} 13. f4 {
[%clk 00:06:49]  [%emt 00:00:08]} 13... g5 {[%clk 00:06:17]} 14. e3 {
[%clk 00:06:40]  [%emt 00:00:10]} 14... Kh8 {[%clk 00:06:14]  [%emt 00:00:13]}
15. Nf3 {[%clk 00:06:42]} 15... gxf4 {[%clk 00:06:01]  [%emt 00:00:06]} 16.
exf4 {[%clk 00:06:43]  [%emt 00:00:25]} 16... b6 {[%clk 00:06:00]} 17. h3 {
[%clk 00:06:38]  [%emt 00:00:04]} 17... Nh6 {[%clk 00:06:02]} 18. Ng5 {
[%clk 00:06:38]} 18... Nf7 {[%clk 00:06:01]} 19. Nxf7+ {[%clk 00:06:37]} 19...
Rxf7 {[%clk 00:06:03]  [%emt 00:00:04]} 20. c4 {[%clk 00:06:37]} 20... c6 {
[%clk 00:06:06]} 21. cxd5 {[%clk 00:06:32]  [%emt 00:00:11]} 21... cxd5 {
[%clk 00:06:07]} 22. Be3 {[%clk 00:06:34]} 22... Rb8 {
[%clk 00:05:56]  [%emt 00:00:12]} 23. Rac1 {[%clk 00:06:31]  [%emt 00:00:07]}
23... Ba6 {[%clk 00:05:58]  [%emt 00:00:04]} 24. Rc6 {
[%clk 00:06:26]  [%emt 00:00:05]} 24... Qe8 {[%clk 00:05:01]  [%emt 00:01:00]}
25. Rxb6 {[%clk 00:06:18]} 25... Rfb7 {[%clk 00:05:03]  [%emt 00:00:20]} 26.
Rxb7 {[%clk 00:06:06]} 26... Rxb7 {[%clk 00:05:05]  [%emt 00:00:05]} 27. Qc3 {
[%clk 00:06:08]} 27... Bc4 {[%clk 00:05:00]  [%emt 00:00:21]} 28. Qxa5 {
[%clk 00:05:50]} 28... Rxb2 {[%clk 00:05:02]  [%emt 00:00:14]} 29. Qc7 {
[%clk 00:05:10]} 29... h5 {[%clk 00:04:38]  [%emt 00:01:10]} 30. Bc5 {
[%clk 00:04:43]} 30... Kh7 {[%clk 00:04:31]  [%emt 00:00:40]} 31. a5 {
[%emt 00:00:38]} 31... h4 {[%clk 00:04:00]} 32. Be7 {
[%clk 00:04:35]  [%emt 00:00:10]} 32... Qg6 {[%clk 00:03:27]  [%emt 00:00:36]}
33. Bxh4 {[%clk 00:04:18]  [%emt 00:00:19]} 33... Rb3 {
[%clk 00:03:00]  [%emt 00:00:29]} 34. Kh2 {[%clk 00:04:09]  [%emt 00:00:12]}
34... Rb2 {[%clk 00:02:43]  [%emt 00:00:21]} 35. Ra1 {
[%clk 00:03:59]  [%emt 00:00:11]} 35... Bd3 {[%clk 00:02:43]  [%emt 00:00:28]}
36. Qc3 {[%clk 00:03:51]} 36... Rxg2+ {[%clk 00:02:45]} 37. Kxg2 {
[%clk 00:03:52]  [%emt 00:00:09]} 37... Be4+ {[%clk 00:02:47]} 38. Kh2 {
[%clk 00:03:52]} 38... Qh5 {[%clk 00:02:42]} 39. Qe3 {
[%clk 00:03:42]  [%emt 00:00:09]} 39... d4 {[%clk 00:02:39]  [%emt 00:00:11]}
40. Qf2 {[%clk 00:03:43]} 40... d3 {[%clk 00:02:33]  [%emt 00:00:06]} 41. a6 {
[%emt 00:00:54]} 41... Bf8 {[%clk 00:02:33]} 42. a7 {
[%clk 00:02:54]  [%emt 00:00:04]} 42... Bc5 {[%clk 00:02:34]  [%emt 00:00:12]}
43. g4 {[%clk 00:02:01]  [%emt 00:00:45]} 43... fxg4 {
[%clk 00:01:39]  [%emt 00:00:56]} 44. Qxc5 {[%clk 00:02:02]  [%emt 00:00:33]}
44... Qxh4 {[%clk 00:01:34]  [%emt 00:00:04]} 45. Qe3 {[%clk 00:02:04]} 45...
g3+ {[%clk 00:01:07]  [%emt 00:00:04]} 46. Qxg3 {
[%clk 00:01:51]  [%emt 00:00:18]} 46... Qh5 {[%clk 00:00:32]  [%emt 00:00:36]}
47. Qe3 {[%clk 00:01:32]  [%emt 00:00:22]} 47... Qf5 {
[%clk 00:00:05]  [%emt 00:00:32]} 48. a8=Q {[%emt 00:00:40]} 1-0

[Event "Cerrado Blitz Benimodo 2018"]
[Site "Benimodo, Spain"]
[Date "2018.08.13"]
[Round "7.2"]
[White "Garcia, Jhoel"]
[Black "Garcia Sancho, Josep"]
[Result "1-0"]
[WhiteElo "2262"]
[BlackElo "2027"]
[PlyCount "81"]
[EventDate "2018.??.??"]

1. e4 {[%clk 00:07:03]  [%emt 00:00:04]} 1... c5 {[%clk 00:07:06]} 2. Nf3 {
[%clk 00:07:05]  [%emt 00:00:04]} 2... g6 {[%clk 00:07:08]} 3. d4 {
[%clk 00:07:07]} 3... cxd4 {[%clk 00:07:10]} 4. Nxd4 {
[%clk 00:07:03]  [%emt 00:00:12]} 4... Nc6 {[%clk 00:07:11]  [%emt 00:00:04]}
5. Nc3 {[%clk 00:07:03]} 5... Bg7 {[%clk 00:07:13]} 6. Be3 {[%clk 00:07:05]}
6... Nf6 {[%clk 00:07:14]} 7. Bc4 {[%clk 00:07:00]  [%emt 00:00:07]} 7... O-O {
[%clk 00:07:15]  [%emt 00:00:04]} 8. Bb3 {[%clk 00:07:02]} 8... d6 {
[%clk 00:07:14]  [%emt 00:00:04]} 9. f3 {[%clk 00:06:56]  [%emt 00:00:11]} 9...
Bd7 {[%clk 00:07:15]} 10. Qd2 {[%clk 00:06:58]} 10... Nxd4 {
[%clk 00:07:17]  [%emt 00:00:04]} 11. Bxd4 {[%clk 00:06:59]} 11... b5 {
[%clk 00:07:19]  [%emt 00:00:06]} 12. a4 {[%clk 00:06:21]  [%emt 00:00:35]}
12... bxa4 {[%clk 00:07:08]  [%emt 00:00:12]} 13. Nxa4 {
[%clk 00:06:18]  [%emt 00:00:11]} 13... Qc7 {[%clk 00:06:52]  [%emt 00:00:15]}
14. Nc3 {[%clk 00:06:15]  [%emt 00:00:33]} 14... Be6 {
[%clk 00:06:50]  [%emt 00:00:04]} 15. Bxe6 {[%clk 00:05:24]  [%emt 00:00:27]}
15... fxe6 {[%clk 00:06:52]  [%emt 00:00:33]} 16. O-O {
[%clk 00:05:07]  [%emt 00:00:04]} 16... a5 {[%clk 00:06:46]  [%emt 00:00:03]}
17. b3 {[%clk 00:04:56]  [%emt 00:00:06]} 17... Rfc8 {
[%clk 00:06:39]  [%emt 00:00:19]} 18. Ra4 {[%clk 00:02:51]  [%emt 00:02:21]}
18... Nd7 {[%clk 00:05:17]  [%emt 00:01:01]} 19. Rc4 {
[%clk 00:02:44]  [%emt 00:00:16]} 19... Qb7 {[%clk 00:05:17]  [%emt 00:00:03]}
20. Rxc8+ {[%clk 00:02:32]  [%emt 00:00:11]} 20... Rxc8 {
[%clk 00:05:18]  [%emt 00:00:04]} 21. Bxg7 {[%clk 00:02:21]  [%emt 00:00:10]}
21... Kxg7 {[%clk 00:05:18]  [%emt 00:00:32]} 22. Ne2 {[%clk 00:02:23]} 22...
Qb6+ {[%clk 00:05:16]  [%emt 00:00:03]} 23. Kh1 {[%clk 00:02:25]} 23... Qc5 {
[%clk 00:05:15]} 24. Nd4 {[%clk 00:02:09]  [%emt 00:00:03]} 24... Nf8 {
[%clk 00:04:55]  [%emt 00:00:18]} 25. f4 {[%clk 00:01:34]  [%emt 00:00:48]}
25... Qc3 {[%clk 00:04:48]  [%emt 00:00:03]} 26. Qf2 {
[%clk 00:01:34]  [%emt 00:00:04]} 26... Kh8 {[%clk 00:03:10]  [%emt 00:01:43]}
27. h3 {[%clk 00:01:03]  [%emt 00:00:28]} 27... a4 {
[%clk 00:03:10]  [%emt 00:00:33]} 28. f5 {[%clk 00:00:26]  [%emt 00:00:09]}
28... exf5 {[%clk 00:02:54]  [%emt 00:00:19]} 29. exf5 {
[%clk 00:00:28]  [%emt 00:00:30]} 29... gxf5 {[%clk 00:02:13]  [%emt 00:00:16]}
30. Qxf5 {[%clk 00:00:24]  [%emt 00:00:06]} 30... axb3 {
[%clk 00:01:58]  [%emt 00:00:18]} 31. cxb3 {[%clk 00:00:25]  [%emt 00:00:20]}
31... Ng6 {[%clk 00:01:48]  [%emt 00:00:11]} 32. Ne6 {[%clk 00:00:20]} 32...
Qe5 {[%clk 00:01:10]  [%emt 00:00:34]} 33. Qg4 {
[%clk 00:00:13]  [%emt 00:00:12]} 33... Rg8 {[%clk 00:00:49]  [%emt 00:00:21]}
34. Ng5 {[%clk 00:00:15]  [%emt 00:00:10]} 34... Qb5 {
[%clk 00:00:34]  [%emt 00:00:10]} 35. Rf3 {[%clk 00:00:10]  [%emt 00:00:09]}
35... Ne5 {[%clk 00:00:29]  [%emt 00:00:11]} 36. Qh5 {
[%clk 00:00:09]  [%emt 00:00:04]} 36... Rxg5 {[%clk 00:00:04]  [%emt 00:00:24]}
37. Qxg5 {[%clk 00:00:11]} 37... Qe8 {[%clk 00:00:06]  [%emt 00:00:34]} 38. Rg3
{[%clk 00:00:10]} 38... Qf7 {[%clk 00:00:08]} 39. b4 {
[%clk 00:00:11]  [%emt 00:00:03]} 39... Ng6 {[%clk 00:00:07]} 40. b5 {
[%clk 00:00:12]} 40... Qb3 {[%clk 00:00:08]} 41. Rxb3 {[%clk 00:00:14]} 1-0